I learned Medicine from Scrubs - Statistics

General Stats
  • This quiz has been taken 518 times
    517 since last reset
  • The average score is 5 of 14
Answer Stats
Hint Answer % Correct
What takes Ben's life? (Jordan's Brother) Leukemia
76%
What does Carla Suffer from after Isabella is born? Post-Partem Depression
72%
What Disease were Jill Tracy's organs infected with? Rabies
52%
"I'm gonna cut you open." Turk operates on JD when he has... Appendicitis
47%
Just mentioning what disease shuts down Sacred Heart? SARS
43%
Denial, Anger, Bargaining, Depression, Acceptance. These are... The 5 Stages of Grief
33%
You turn orange if you gorge yourself on what? Carrots and Tomatoes
27%
Wilsons Disease causes copper deposits in the eye which look like... a little golden ring
24%
Takotsubo cardiomyopathy is also known as... Broken Heart Syndrome
23%
Your Urine turns purple in sunlight if you have... Acute Intermittent Porphyria
22%
Turk gets a ball removed because he gets... Testicular Torsion
22%
How do you give a body scan to the morbidly obese? The Zoo
15%
What medical problem is responsible for "My Musical" an Aneurism
9%
You can pass out when you poop if you have... Vasovagal Syncope
9%
No matching quizzes found
Score Distribution
Percent of People with Each Score
Percentile by Number Answered
Your Score History
You have not taken this quiz since the last reset